000 00611nam a2200229Ia 4500
001 6427
005 20240113233917.0
007 ta
008 050627s1990 a g b000 u eng u
040 _aCotton College Assam
041 _aeng
082 _a891.439
_bSt 31 Al
100 _aStern, M.S. .
245 0 _aAl Ghazzali on Repentance /
_cM.S.Stern.
_hTextual Documents
250 _a1st ed /
260 _aNew Delhi :
_bSterling publishers ,
_c1990.
300 _a159p. :
_bill. ;
_c21cm. .
653 _aReligious - Repentance
942 _2ddc
_cBK
999 _c6414
_d6414